000 00304nam a2200133Ia 4500
100 _aBell / david A
942 _cBK
654 _acircuits
245 _aElectronic device and circuits
260 _bPrentice Hall of International
_aSingapore
_c1986
300 _a756
546 _aENGLISH
999 _c21230
_d21230